Técnica moderna de iluminación del hogar
Na minha lista:
| Autor principal: | |
|---|---|
| Formato: | Livro |
| Idioma: | espanhol |
| Publicado em: |
Madrid, España
Paraninfo
1967
|
| Assuntos: | |
| Tags: |
Adicionar Tag
Sem tags, seja o primeiro a adicionar uma tag!
|
MARC
| LEADER | 00000nam a2200000 a 4500 | ||
|---|---|---|---|
| 001 | UCV8473 | ||
| 003 | CL-VaPUC | ||
| 005 | 20200826154501.0 | ||
| 008 | 910813e19670000SP |||||||||||||||||spa|d | ||
| 999 | |c 213986 |d 213984 | ||
| 040 | |c Pontificia Universidad Católica de Valparaíso | ||
| 082 | 0 | 4 | |a 729.28 BOU 1967 |2 21 |
| 100 | 0 | |a Boud, John Kendal |9 302522 | |
| 245 | 1 | 0 | |a Técnica moderna de iluminación del hogar |
| 260 | 0 | 3 | |a Madrid, España |b Paraninfo |c 1967 |
| 300 | |a 263 páginas | ||
| 500 | |a Título original: Lighting for life. | ||
| 500 | |a Incluye índice de materia. | ||
| 583 | |a last modification |c 19910813 00:00:00 |k Rodrigo Vera | ||
| 650 | 7 | |a ILUMINACION ARQUITECTONICA |2 CL-VaPUC |9 266709 | |
| 942 | |c BK |2 ddc | ||
| 945 | |d 19910813 00:00:00 | ||
| 952 | |0 0 |1 0 |2 ddc |4 0 |6 729_280000000000000_BOU_1967 |7 0 |8 A |9 196950 |a BIBARQ |b BIBARQ |d 2019-11-14 |i 2647052 |l 2 |o 729.28 BOU 1967 |p 2647052 |r 2025-01-20 |s 2022-06-24 |t 1 |w 2019-11-14 |y BK |k ARQ | ||